All Fairy type Pokémon - Statistics

General Stats
  • This quiz has been taken 245 times
    133 since last reset
  • The average score is 51 of 67
Answer Stats
Type Generation Pokémon % Correct
1 Clefairy
98%
2 Cleffa
98%
1 Clefable
97%
Normal-Fairy 1 Jigglypuff
97%
Normal-Fairy 1 Wigglytuff
96%
Normal-Fairy 2 Igglybuff
95%
Water-Fairy 2 Azumarill
90%
Water-Fairy 2 Marill
90%
2 Togepi
90%
Psychic-Fairy 3 Gardevoir
89%
Psychic-Fairy 3 Kirlia
88%
Psychic-Fairy 3 Ralts
88%
Fairy-Flying 2 Togetic
88%
Normal-Fairy 3 Azurill
86%
Rock-Fairy 6 Diancie
86%
Fairy-Flying 4 Togekiss
86%
Rock-Fairy 6 Carbink
85%
6 Sylveon
85%
Electric-Fairy 6 Dedenne
84%
Steel-Fairy 3 Mawile
83%
Psychic-Fairy 1 Mr. Mime
83%
Fairy-Steel 9 Tinkatink
83%
Fairy-Steel 9 Tinkaton
83%
Bug-Fairy 7 Cutiefly
82%
Dark-Fairy 8 Grimmsnarl
82%
Grass-Fairy 5 Whimsicott
82%
2 Granbull
81%
Steel-Fairy 6 Klefki
81%
2 Snubbull
81%
Electric-Fairy 7 Tapu Koko
81%
Psychic-Fairy 7 Tapu Lele
81%
Water-Fairy 7 Tapu Fini
80%
Fairy-Steel 9 Tinkatuff
80%
Grass-Fairy 5 Cottonee
78%
Dark-Fairy 8 Impidimp
78%
Water-Fairy 7 Primarina
78%
Bug-Fairy 7 Ribombee
78%
Grass-Fairy 7 Tapu Bulu
78%
6 Xerneas
78%
6 Flabébé
77%
6 Florges
77%
Ghost-Fairy 7 Mimikyu
76%
Ice-Fairy 7 Alolan Ninetales
75%
Dark-Fairy 8 Morgrem
75%
6 Aromatisse
74%
6 Floette
73%
6 Spritzee
72%
Psychic-Fairy 4 Mime Jr.
71%
6 Slurpuff
71%
6 Swirlix
70%
Poison-Fairy 9 Fezandipiti
69%
7 Comfey
67%
Steel-Fairy 7 Magearna
67%
Fairy-(Steel) 8 Zacian
65%
Psychic-Fairy 8 Hatterene
61%
Fairy-Fighting 9 Iron Valiant
61%
9 Dachsbun
60%
9 Fidough
60%
Poison-Fairy 8 Galarian Weezing
59%
Ghost-Fairy 9 Flutter Mane
58%
Grass-Fairy 7 Shiinotic
58%
Grass-Fairy 7 Morelull
57%
Fairy-Flying 8 Enamorus
55%
Psychic-Fairy 8 Galarian Rapidash
54%
Fairy-Psychic 9 Scream Tail
54%
8 Alcremie
51%
8 Milcery
48%
No matching quizzes found
Score Distribution
Percent of People with Each Score
Percentile by Number Answered
Your Score History
You have not taken this quiz since the last reset